| 000 | 00467cam a22001934a 4500 | ||
|---|---|---|---|
| 005 | 20250605164154.0 | ||
| 008 | 250528s ||||||||||||||||||||||||d | ||
| 035 | _a19530 | ||
| 020 | _a520031512 | ||
| 040 |
_aGR-AtMCL _bgre _dGR-AtMCL _eAACR2 |
||
| 245 | 1 | _aMOVIES AND METHODS VOLUME I | |
| 250 | _a1 | ||
| 260 |
_bUniversity Of California Press, _c1976 |
||
| 300 | _a640 | ||
| 700 | 1 |
_aNichols Bill _94908 |
|
| 942 | _cBK | ||
| 999 |
_c4786 _d4786 |
||